[Event "TUR-chT U12"]
[Site "Karaman"]
[Date "2024.04.24"]
[Round "7"]
[White "Varyemez, Ali"]
[Black "Sakir, Uras"]
[Result "1/2-1/2"]
[WhiteElo "1873"]
[BlackElo "1772"]
[PlyCount "63"]
[EventDate "2024.04.21"]
[EventType "team-tourn"]
[EventRounds "9"]
[EventCountry "TUR"]
[SourceTitle "EXT 2025"]
[Source "ChessBase"]
[SourceDate "2024.10.14"]
[SourceVersion "1"]
[SourceVersionDate "2024.10.14"]
[SourceQuality "1"]

1. d4 d5 2. c4 c6 3. Nf3 Nf6 4. g3 g6 5. Bg2 Bg7 6. 0-0 0-0 7. Qc2 Bf5 8. Qb3 Qb6 9. c5 Qxb3 10. axb3 Be4 11. Nbd2 Nbd7 12. Nxe4 Nxe4 13. Rd1 f6 14. b4 e5 15. Be3 f5 16. dxe5 Nxe5 17. Nxe5 Bxe5 18. Bd4 Rfe8 19. e3 a6 20. f3 Bxd4 21. exd4 Nf6 22. Re1 Kf7 23. Kf2 Rxe1 24. Rxe1 Re8 25. Rxe8 Nxe8 26. Ke3 Nc7 27. h4 h5 28. Bf1 Kf6 29. Bg2 Ne6 30. Bh3 Ng7 31. Kf4 Ne6+ 32. Ke3 1/2-1/2

[Event "TUR-chT U12"]
[Site "Karaman"]
[Date "2024.04.23"]
[Round "6"]
[White "Sakir, Uras"]
[Black "Incecinar, Abdullah Mete"]
[Result "1-0"]
[WhiteElo "1772"]
[BlackElo "1657"]
[PlyCount "57"]
[EventDate "2024.04.21"]
[EventType "team-tourn"]
[EventRounds "9"]
[EventCountry "TUR"]
[SourceTitle "EXT 2025"]
[Source "ChessBase"]
[SourceDate "2024.10.14"]
[SourceVersion "1"]
[SourceVersionDate "2024.10.14"]
[SourceQuality "1"]

1. e4 c5 2. c3 d5 3. exd5 Qxd5 4. d4 Nc6 5. Nf3 Bg4 6. Be2 cxd4 7. cxd4 e6 8. Nc3 Bb4 9. 0-0 Qa5 10. h3 Bh5 11. d5 Rd8 12. Bd2 exd5 13. a3 Be7 14. Nb5 Qb6 15. Bf4 Rd7 16. Be3 Qd8 17. Nxa7 Bxf3 18. Bxf3 Nf6 19. Nxc6 bxc6 20. Rc1 Qa8 21. Qc2 Rc7 22. Bf4 Rc8 23. Rfe1 Rd8 24. Qxc6+ Qxc6 25. Rxc6 Rd7 26. Rc8+ Rd8 27. Rc7 Rd7 28. Rc8+ Rd8 29. Rd1 1-0